Palmarès du Stade Toulousain - Statistiques

Statistiques générales
  • Ce quiz a été pris 216 fois
  • Le résultat moyen est 6 sur 7
Statistiques - réponses
Compétitions Statut Nombre d'édition remportée % Correct
Championnat de France de rugby à XV Actuelle 20
98%
Coupe d'Europe de rugby à XV Actuelle 4
94%
Coupe de France de rugby à XV Disparue 4
89%
Challenge européen Actuelle 0
88%
Challenge Yves du Manoir Disparue 4
86%
Coupe de l'Espérance Disparue 2
84%
Tournoi de l'Union française de rugby amateur Disparue 2
83%
Aucun quiz correspondant
Distribution des résultats
% des personnes avec chaque résultat
Percentile par nombre de réponses
Votre historique - résultats
Vous n’avez pas pris ce quiz